Statistics for First-Level Subdivisions with the Most JetPunk Users

Click here to take the quiz!

General Stats

  • This quiz has been taken 686 times
    (162 since last reset)
  • The average score is 9 of 20

Answer Stats

%ContinentRegion% Correct
2.34North AmericaCalifornia
91%
1.96North AmericaNew York
91%
1.75North AmericaTexas
88%
1.32North AmericaFlorida
81%
10.01EuropeEngland
80%
1.26North AmericaIllinois
64%
1.84North AmericaOntario
62%
1.27North AmericaQuebec
56%
1.16North AmericaGeorgia
54%
5.26EuropeIle-de-France
54%
1.34EuropeNorth Rhine-Westphalia
37%
1.51North AmericaVirginia
33%
1.54EuropeGrand Est
24%
1.17EuropeOccitanie
20%
1.40EuropeHauts-de-France
19%
2.90EuropeMasovia
18%
1.96EuropeAuvergne-Rhone-Alpes
17%
1.61EuropeNouvelle-Aquitaine
16%
1.06EuropeSilesia
14%
1.20EuropePays de la Loire
12%

Score Distribution

Percentile by Number Answered

Percent of People with Each Score

Your Score History

You have not taken this quiz since the last reset